000 00434nam a22001697a 4500
999 _c3226
_d3226
008 200323b ||||| |||| 00| 0 eng d
082 0 0 _a621.3
_bM727
100 _9219
_aMolloy, E.
245 1 0 _aElectrical engineer's reference book
_cby E. Molloy
250 _a7th ed.
260 _aLondon
_bNewnes
_c1954
300 _axlv, 100 p.
365 _d45.15
650 0 _aElectrical Engineering
700 _9202
_aSay, M. G.
942 _cBK